2. Personaggi dell'antica Roma dall'immagine - Statistics

Statistiche generali
  • Questo quiz è stato fatto 62 volte
  • Il punteggio medio è 9 su 16
Statistiche sulle risposte
con Immagini Risposta % Corretto
Gaio Giulio Cesare
100%
Cesare Ottaviano Augusto
93%
Nerone Claudio Germanico
91%
Marco Aurelio Antonino
73%
Marco Tullio Cicerone
71%
Caligola
69%
Flavio Valerio Costantino
64%
Marco Antonio
58%
Marco Ulpio Traiano
58%
Lucio Marco Commodo
47%
Lucio Sergio Catilina
44%
Lucio Cornelio Silla
33%
Annibale Barca
29%
Gaio Mario
29%
Vercingetorige
25%
Cleopatra VII
24%
Nessun quiz corrispondente trovato
Distribuzione punteggi
Percentuale di utenti per punteggio
Percentile per numero di risposta
I tuoi punteggi nel tempo
Non hai fatto questo quiz